CUENTOS MÁGICOS (Registro nro. 2020)
[ vista simple ]
| 000 -LEADER | |
|---|---|
| fixed length control field | 00608nam a22001937a 4500 |
| 003 - CONTROL NUMBER IDENTIFIER | |
| control field | OSt |
| 005 - DATE AND TIME OF LATEST TRANSACTION | |
| control field | 20260310113100.0 |
| 008 - FIXED-LENGTH DATA ELEMENTS--GENERAL INFORMATION | |
| fixed length control field | 260310b |||||||| |||| 00| 0 spa d |
| 020 ## - INTERNATIONAL STANDARD BOOK NUMBER | |
| International Standard Book Number | 978-9978-48-540-8 |
| 082 ## - DEWEY DECIMAL CLASSIFICATION NUMBER | |
| Edition number | 978-9978-48-540-8 |
| 100 ## - MAIN ENTRY--PERSONAL NAME | |
| Personal name | Édgar Állan GarcÍa |
| 245 ## - TITLE STATEMENT | |
| Title | CUENTOS MÁGICOS |
| 250 ## - EDITION STATEMENT | |
| Edition statement | 1RA EDICIÓN |
| 260 ## - PUBLICATION, DISTRIBUTION, ETC. | |
| Place of publication, distribution, etc. | EDINUM |
| 300 ## - PHYSICAL DESCRIPTION | |
| Extent | 87PAG |
| 520 ## - SUMMARY, ETC. | |
| Summary, etc. | Esta edición de propiedad intelectual de edinum , nos da linda nostalgia de un buen cuento donde se incluye actividades para recrear la lectura |
| 650 ## - SUBJECT ADDED ENTRY--TOPICAL TERM | |
| Source of heading or term | actividad |
| Topical term or geographic name entry element | recreación, fantasía |
| 942 ## - ADDED ENTRY ELEMENTS (KOHA) | |
| Source of classification or shelving scheme | Dewey Decimal Classification |
| Koha item type | Acceso Libre |
| Suppress in OPAC | No |
| Withdrawn status | Lost status | Source of classification or shelving scheme | Damaged status | Not for loan | Collection | Home library | Current library | Shelving location | Date acquired | Inventory number | Total checkouts | Full call number | Barcode | Date last seen | Price effective from | Koha item type |
|---|---|---|---|---|---|---|---|---|---|---|---|---|---|---|---|---|
| Dewey Decimal Classification | Estantería F Fila 2 | Biblioteca Stanford | Biblioteca Stanford | Biblioteca Abierta | 10.03.2026 | 0450 | LECTURA | BIBLIO0450 | 10.03.2026 | 10.03.2026 | Acceso Libre |